ბათუმის შოთა რუსთაველის სახელმწიფო უნივერსიტეტის ბიბლიოთეკა

არწივის ბუდიდან (ბიბ.ჩანაწერი № 41769)

000 -LEADER
fixed length control field 00629nam a2200217Ia 4500
001 - CONTROL NUMBER
control field 8450
003 - CONTROL NUMBER IDENTIFIER
control field GE_BSU
008 - FIXED-LENGTH DATA ELEMENTS--GENERAL INFORMATION
fixed length control field 181216s||||||||xx |||||||||||||| ||und||
040 ## - CATALOGING SOURCE
Transcribing agency GE_BSU
080 ## - UNIVERSAL DECIMAL CLASSIFICATION NUMBER
Universal Decimal Classification number 821.353.1-11
100 ## - MAIN ENTRY--PERSONAL NAME
Personal name ეული, სანდრო
245 ## - TITLE STATEMENT
Title არწივის ბუდიდან
245 ## - TITLE STATEMENT
Statement of responsibility, etc. რედ.: გ.ნატროშვილი
260 ## - PUBLICATION, DISTRIBUTION, ETC.
Place of publication, distribution, etc. თბილისი.
260 ## - PUBLICATION, DISTRIBUTION, ETC.
Name of publisher, distributor, etc. საბჭ. მწერალი
260 ## - PUBLICATION, DISTRIBUTION, ETC.
Date of publication, distribution, etc. 1945
300 ## - PHYSICAL DESCRIPTION
Extent 64 გვ; 16 სმ.
653 ## - INDEX TERM--UNCONTROLLED
Uncontrolled term არწივის ბუდიდან
653 ## - INDEX TERM--UNCONTROLLED
Uncontrolled term პოემა
942 ## - ADDED ENTRY ELEMENTS (KOHA)
Koha item type წიგნი
ეგზემპლარები
Withdrawn status Lost status Damaged status Not for loan Date acquired Barcode Date last seen Price effective from Koha item type
        2018-12-17 30578 2018-12-17 2018-12-17 წიგნი
        2018-12-17 30579 2018-12-17 2018-12-17 წიგნი
        2018-12-17 30580 2018-12-17 2018-12-17 წიგნი
        2018-12-17 30582 2018-12-17 2018-12-17 წიგნი
        2018-12-17 30581 2018-12-17 2018-12-17 წიგნი
        2018-12-17 30584 2018-12-17 2018-12-17 წიგნი
        2018-12-17 30583 2018-12-17 2018-12-17 წიგნი
        2018-12-17 30585 2018-12-17 2018-12-17 წიგნი
        2018-12-17 30586 2018-12-17 2018-12-17 წიგნი